Welcome to CU Library Online Public Access Catalogue (OPAC)

HOW TO BRING YOUR CHILDREN TO CHRIST (Record no. 6124)

MARC details
000 -LEADER
fixed length control field 00365nam a22001457a 4500
005 - DATE AND TIME OF LATEST TRANSACTION
control field 20250602110815.0
008 - FIXED-LENGTH DATA ELEMENTS--GENERAL INFORMATION
fixed length control field 250602b |||||||| |||| 00| 0 eng d
020 ## - INTERNATIONAL STANDARD BOOK NUMBER
International Standard Book Number 0883681358
050 ## - LIBRARY OF CONGRESS CALL NUMBER
Classification number BV4815
Item number MUR
100 ## - MAIN ENTRY--PERSONAL NAME
Personal name MURRAY ANDREW
245 ## - TITLE STATEMENT
Title HOW TO BRING YOUR CHILDREN TO CHRIST
260 ## - PUBLICATION, DISTRIBUTION, ETC.
Place of publication, distribution, etc. USA
Name of publisher, distributor, etc. WHITAKER HOUSE
Date of publication, distribution, etc. c1984
300 ## - PHYSICAL DESCRIPTION
Extent 312p
942 ## - ADDED ENTRY ELEMENTS (KOHA)
Source of classification or shelving scheme Library of Congress Classification
Koha item type Books
Suppress in OPAC No
999 ## -
-- 6124
-- 6124
Holdings
Withdrawn status Lost status Source of classification or shelving scheme Damaged status Not for loan Collection Home library Current library Shelving location Date acquired Total checkouts Full call number Barcode Date last seen Copy number Price effective from Koha item type
    Library of Congress Classification     Non-fiction Undergraduate Library (Christ Temple) Undergraduate Library (Christ Temple) General stacks 06/02/2025   BV4815 MUR ulct00002823 06/02/2025 1 06/02/2025 Books
© 2023-2024 Copyright: Central University Libraries. All Rights Reserved | Created by: Mahone Tech Office